000 00326nam a2200121Ia 4500
008 190216s9999||||xx |||||||||||||| ||und||
100 _aGaur V P&Amp;Narag D B &nayyer S K
245 0 _a"Wealth Tax And Central Sales Tax Act,1956"
260 _bKalyani Publisher
_c2001
300 _a250p
650 _aCommerce
942 _cBK
999 _c5866
_d5866